000 00721nam a2200205Ii 4500
003 JO-AjNU
008 230605s9999||||xx |||||||||||||| ||und||
040 _aJO-AjNU
_bara
_erda
_cJO-AjNU
041 _aara
050 1 4 _aKMM49.Q26.1985
100 3 _aإعداد المكتب الفني بادارة ابراهيم أبورحمة، نقابة المحامين,
_eauthor
_947164
245 0 0 _aالقانون المدني الأردني
250 _aط3
264 3 1 _aعمان: نقابة المحامين، 1985
300 _a243ص
336 _atext
_btxt
_2rdacontent
337 _aunmediated
_bn
_2rdamedia
338 _avolume
_bnc
_2rdacarrier
650 4 _aالقانون المدني -- الاردن
_947165
999 _aA20569
_c24137
_d24137